Word Ladder: Flowers Quiz Stats

Quiz Updated May 29, 2015

Challenge
Share
Tweet
Embed
Score 0/21 Timer 03:00
0 Plays Today
Hint 4-Letter Word % Correct
To move one's tongue across somethingLICK
96.2%
'Buy two, get one free' eventSALE
91.1%
An actor's portrayal of someone in a playROLE
90.7%
The act of throwing diceROLL
90%
Genus: Rosa. Commonly ____ROSE
89.4%
A bundle (such as cotton or hay) prepared for shipping, storage, or purchaseBALE
89%
A brief social visit; telephone connectionCALL
87.6%
Genus: Lilium. Commonly ____LILY
87%
A pitch that is not in the strike zoneBALL
85.3%
Docile or tranquilCALM
84%
Weapon used in the Middle Ages or a brand of pepper sprayMACE
83.8%
Hint 4-Letter Word % Correct
Nickname for a detectiveDICK
83.8%
Rounded seed capsule of plants BOLL
81.9%
An American truck–manufacturing companyMACK
80.9%
Genus: Monarda. Commonly Bee ____BALM
79.7%
Poke fun at, imitateMOCK
76.9%
Genus: Rumex. Commonly Curly ____DOCK
67.9%
Zelda HeroLINK
65.5%
Having streaks; wrinkled; variegatedLINY
58.7%
Genus: Salvia. Commonly ____SAGE
50.8%
Wizard class in Dungeons & DragonsMAGE
50.3%

Today's Daily Dose

Missing Word
1971 Movies A-Z

Word Ladder
Complete Tour

Quick Pick
Logo Colors

On This Day
January 19th

You're not logged in!

Compare scores with friends on all Sporcle quizzes.
Sign Up with Email
OR
Log In

You Might Also Like...

Show Comments

Extras

Top Quizzes Today


Score Distribution

Your Account Isn't Verified!

In order to create a playlist on Sporcle, you need to verify the email address you used during registration. Go to your Sporcle Settings to finish the process.